000 00474nam a2200181Ia 4500
008 090124s9999 xx 000 0 und d
082 _b132194
100 _aदिवाण वृंदा
245 _a चढ - उतार
250 _a1
260 _c2004
300 _a208
600 _aदिवाण वृंदा
630 _a चढ - उतार
700 _aदिवाण वृंदा
730 _a चढ - उतार
942 _cBOOK
999 _c178283
_d178283